Fyzikálny slovník slovensko-anglický, anglicko-slovenský

Na minha lista:
Detalhes bibliográficos
Main Authors: Čerňanský, Peter (Author), Červeň, Ivan, 1933- (Author), Dillinger, Juraj, 1940- (Author), Holá, Oľga, 1947- (Author), Horylová, Ružena (Author), Chrapan, Ján (Author), Krupa, Dalibor (Author), Ožvoldová, Miroslava (Author), Pavlicová, Vieroslava, 1950- (Author), Reiffers, Marián (Author), Šutta, Augustín (Author)
Formato: Livro
Publicado em: Nitra : Protonit, 2007
Assuntos:
Tags: Adicionar Tag
Sem tags, seja o primeiro a adicionar uma tag!

MARC

LEADER 00000nam a22000003a 4500
001 stu151836
005 20250602144634.7
008 071127s2007----xo----------------------d
020 |a 978-80-969798-7-5 
040 |a STU  |b slo 
044 |a xo 
080 |a 53(038)=20-854  |7 A000003356 
100 1 |a Čerňanský, Peter  |4 aut 
242 0 0 |a Physical Dictionary - Slovak-English, English-Slovak  |y eng 
245 1 |a Fyzikálny slovník slovensko-anglický, anglicko-slovenský 
260 |a Nitra :  |b Protonit,  |c 2007 
300 |a 235 s.  |c 1 CD-ROM 
650 7 |a fyzika  |2 stusub 
650 7 |a Slovníky anglicko slovenské  |2 stusub 
700 1 |a Červeň, Ivan,  |d 1933-  |4 aut  |u E150  |U FEI Fakulta elektrotechniky a informatiky  |T FEI Katedra fyziky  |X 4393  |U E150  |Y 62  |7 A000004393 
700 1 |a Dillinger, Juraj,  |d 1940-  |4 aut  |u J160  |U SjF Ústav matematiky a fyziky  |T SjF Katedra fyziky  |X 3504  |U J160  |Y 41  |7 A000003504 
700 1 |a Holá, Oľga,  |d 1947-  |4 aut  |u C5280  |U FCHPT Ústav fyzikálnej chémie a chemickej fyziky  |T FCHPT Oddelenie chemickej fyziky  |X 3315  |U C5280  |Y 118  |7 A000003315 
700 1 |a Horylová, Ružena  |4 aut 
700 1 |a Chrapan, Ján  |4 aut 
700 1 |a Krupa, Dalibor  |4 aut 
700 1 |a Ožvoldová, Miroslava  |4 aut 
700 1 |a Pavlicová, Vieroslava,  |d 1950-  |4 aut  |u E330  |U FEI Fakulta elektrotechniky a informatiky  |T FEI Inštitút komunikácie a aplikovanej lingvistiky  |X 1817  |U E330  |Y 75  |7 A000001817 
700 1 |a Reiffers, Marián  |4 aut 
700 1 |a Šutta, Augustín  |4 aut 
996 |b 284M069585  |c M*12394-1  |l MMKN  |s A  |a 24  |w stu151836_0001 
996 |b 284M069586  |c M*CD-1410  |l MMKN  |s A  |a 24  |w stu151836_0002 
996 |b 284EK87155  |c E*87155  |l EE05  |s P  |a 0  |w stu151836_0003 
996 |b 284EK91023  |c E* 91023  |l EE01  |s A  |a 24  |w stu151836_0004